01161nam a2200253 4500003000800000005001700008008004100025040002600066041000800092092002600100100004100126245022900167260002800396300002700424502015000451504005100601650003500652650002700687650004200714650004000756830008100796942001300877999001700890DO-SdUA20250325093543.0 s2022 dr a|| |||| 0 |a||0|spa d aDO-SdUAbspacDO-SdUA0 aspa aMA-PPGE 0045 FCE 20221 aPeralta Paulino, Suyeirys del Carmen10aAprendizaje de la lectura y escritura a distancia en los niños de preprimario del Centro Educativo Antonio Batista (La Lomita), El Pino, en el Municipio de La Vega, periodo 2021-2022 /cSuyeirys del Carmen Peralta Paulino. aLa Vega :bUASD,c2022. aix,121, [41] h. :bil. aTesis y trabajo de grado (Especialidad en los Procesos Pedagógicos del Nivel Infantil)--Universidad Autónoma de Santo Domingo, La Vega, 2022. aIncluye referencias bibliográficas y anexos. 72lemb917078aLectura elemental 72lemb911946aEscritura 72ddcri910299aEducación a distancia 72lemb910519aEducación preescolar aTesis y disertaciones académicas (Universidad Autónoma de Santo Domingo) 2clcTn0 c13093d13093